Geography Generator Puzzle (10 letters) - Statistics

General Stats
  • This quiz has been taken 421 times
  • The average score is 8 of 21
Answer Stats
Answer % Correct
Rain
76%
Iran
72%
Turin
70%
Train
64%
Main
58%
Mir
52%
MAURITANIA
49%
Rim
40%
Tram
38%
Amir
30%
Rani
30%
Marin
26%
Mint
26%
Rum
26%
Rama
22%
Tarn
22%
Raita
19%
Martini
17%
Ruin
15%
Tamari
10%
Tui
7%
No matching quizzes found
Score Distribution
Percent of People with Each Score
Percentile by Number Answered
Your Score History
You have not taken this quiz